Music Quiz

Random Music or Song Quiz

πŸ‘‘ Madonna: Biggest US & UK hits Quiz Stats

 Plays Quiz not verified by Sporcle

Also try: 4-Letter Hit Songs
Challenge
Share
Tweet
Embed
Score 0/80 Timer 10:00
0 Plays Today
Country Song title % Correct
β™›β™›πŸ‘Έβ™›β™›Like A Virgin
98.8%
β˜…β˜…β˜…β˜…β˜…Like A Virgin
98.8%
β™›β™›πŸ‘Έβ™›β™›Papa Don't Preach
95.1%
β™›β™›πŸ‘Έβ™›β™›Like A Prayer
95.1%
β™›β™›πŸ‘Έβ™›β™›Vogue
95.1%
β˜…β˜…β˜…β˜…β˜…Vogue
95.1%
β˜…β˜…β˜…β˜…β˜…Papa Don't Preach
95.1%
β˜…β˜…β˜…β˜…β˜…Like A Prayer
95.1%
β™›β™›πŸ‘Έβ™›β™›Material Girl
88.4%
β˜…β˜…β˜…β˜…β˜…Material Girl
88.4%
β™›β™›πŸ‘Έβ™›β™›Holiday
87.8%
β™›β™›πŸ‘Έβ™›β™›Music
87.8%
β˜…β˜…β˜…β˜…β˜…Music
87.8%
β˜… β˜… β˜… β˜… β˜…Holiday
87.8%
β™›β™›πŸ‘Έβ™›β™›La Isla Bonita
86%
β˜…β˜…β˜…β˜…β˜…La Isla Bonita
86%
β™›β™›πŸ‘Έβ™›β™›Borderline
81.7%
β˜… β˜… β˜… β˜… β˜…Borderline
81.1%
β™›β™›πŸ‘Έβ™›β™›True Blue
80.5%
β˜…β˜…β˜…β˜…β˜…True Blue
80.5%
β™› β™› πŸ‘Έ β™› β™›Ray Of Light
79.9%
β˜… β˜… β˜… β˜… β˜…Ray Of Light
79.9%
β™›β™›πŸ‘Έβ™›β™›Crazy For You
76.8%
β˜…β˜…β˜…β˜…β˜…Crazy For You
76.8%
β™› β™› πŸ‘Έ β™› β™›Live To Tell
75.6%
β˜…β˜…β˜…β˜…β˜…Live To Tell
75.6%
β˜… β˜… β˜… β˜… β˜…Frozen
75.6%
β™›β™›πŸ‘Έβ™›β™›Frozen
75%
β™› β™› πŸ‘Έ β™› β™›Justify My Love
74.4%
β˜…β˜…β˜…β˜…β˜…Justify My Love
74.4%
β™›β™›πŸ‘Έβ™›β™›Into The Groove
73.8%
β™› β™› πŸ‘Έ β™› β™›This Used To Be My Playground
73.8%
β˜… β˜… β˜… β˜… β˜…This Used To Be My Playground
73.8%
β™› β™› πŸ‘Έ β™› β™›Express Yourself
73.2%
β˜…β˜…β˜…β˜…β˜…Express Yourself
73.2%
β˜… β˜… β˜… β˜… β˜…Lucky Star
73.2%
β™› β™› πŸ‘Έ β™› β™›Open Your Heart
71.3%
β˜…β˜…β˜…β˜…β˜…Take A Bow
71.3%
β˜…β˜…β˜…β˜…β˜…Open Your Heart
71.3%
β™›β™›πŸ‘Έβ™›β™›Hung Up
69.5%
Country Song title % Correct
β™›β™›πŸ‘Έβ™›β™›Who's That Girl
69.5%
β˜…β˜…β˜…β˜…β˜…Who's That Girl
69.5%
β˜… β˜… β˜… β˜… β˜…Hung Up
69.5%
β˜…β˜…β˜…β˜…β˜…4 Minutes
68.9%
β™›β™›πŸ‘Έβ™›β™›4 Minutes
68.3%
β™› β™› πŸ‘Έ β™› β™›Cherish
68.3%
β˜…β˜…β˜…β˜…β˜…Cherish
68.3%
β˜… β˜… β˜… β˜… β˜…Erotica
65.2%
β˜… β˜… β˜… β˜… β˜…Don't Cry For Me Argentina
65.1%
β™›β™›πŸ‘Έβ™›β™›Don't Cry For Me Argentina
64.6%
β™› β™› πŸ‘Έ β™› β™›Dress You Up
64%
β˜… β˜… β˜… β˜… β˜…Dress You Up
64%
β™›β™›πŸ‘Έβ™›β™›American Pie
61.6%
β™›β™›πŸ‘Έβ™›β™›Beautiful Stranger
59.8%
β™› β™› πŸ‘Έ β™› β™›Die Another Day
59.8%
β˜… β˜… β˜… β˜… β˜…Die Another Day
59.8%
β™› β™› πŸ‘Έ β™› β™›Don't Tell Me
57.9%
β˜… β˜… β˜… β˜… β˜…Don't Tell Me
57.9%
β™› β™› πŸ‘Έ β™› β™›Rain
56.7%
β˜… β˜… β˜… β˜… β˜…Rain
56.7%
β™› β™› πŸ‘Έ β™› β™›Angel
54.9%
β™› β™› πŸ‘Έ β™› β™›Causing A Commotion
54.9%
β˜…β˜…β˜…β˜…β˜…Causing A Commotion
54.9%
β˜… β˜… β˜… β˜… β˜…Angel
54.9%
β™›β™›πŸ‘Έβ™›β™›You'll See
54.3%
β˜…β˜…β˜…β˜…β˜…Secret
54.3%
β˜… β˜… β˜… β˜… β˜…You'll See
53.7%
β™› β™› πŸ‘Έ β™› β™›Hanky Panky
52.4%
β˜… β˜… β˜… β˜… β˜…Hanky Panky
52.4%
β˜… β˜… β˜… β˜… β˜…Deeper And Deeper
51.8%
β™› β™› πŸ‘Έ β™› β™›The Power Of Good-Bye
51.2%
β™› β™› πŸ‘Έ β™› β™›Sorry
50%
β˜… β˜… β˜… β˜… β˜…Oh Father
49.4%
β˜… β˜… β˜… β˜… β˜…Rescue Me
48.3%
β˜…β˜…β˜…β˜…β˜…I'll Remember
47.6%
β™› β™› πŸ‘Έ β™› β™›Me Against The Music (with Britney Spears)
44.5%
β˜… β˜… β˜… β˜… β˜…Keep It Together
44.5%
β™› β™› πŸ‘Έ β™› β™›Dear Jessie
43.9%
β™› β™› πŸ‘Έ β™› β™›Give It 2 Me
40.9%
β™› β™› πŸ‘Έ β™› β™›Gambler
39.6%

You're not logged in!

Compare scores with friends on all Sporcle quizzes.
Join for Free
OR
Log In

You Might Also Like...

Show Comments

Extras

Top Quizzes Today


Score Distribution

Your Account Isn't Verified!

In order to create a playlist on Sporcle, you need to verify the email address you used during registration. Go to your Sporcle Settings to finish the process.

Report this User

Report this user for behavior that violates our Community Guidelines.

Details: